000 00651nam a2200181Ia 4500
008 220216s9999 xx 000 0 und d
100 _aMuhammad Akbar Abdul Gaffar
245 0 _aEvaluation of puncture tapping technique combined with stimulation practices for early latex extraction on Hevea
260 _bIRRDB Natural Rubber Conference 2008, 13-15 October 2008, Kuala Lumpur, Malaysia: Abstract of papers
500 _aSource Year: 2008
650 _aEarly latex extraction
650 _aPuncture tapping technique
700 _aAbang Mega Arjuna
700 _aNazri Shima
700 _aSheng Goh Sou
856 _uAbst only
942 _cJS
999 _c58986
_d58986